VIII reunión anual SACCOM 2009: la experiencia artística y la cognición musical

Gespeichert in:
Bibliographische Detailangaben
Hauptverfasser: Dutto, Susana (VerfasserIn), Asís Ferri, Paula Andrea (VerfasserIn)
Format: Buch
Sprache:Spanisch
Veröffentlicht: Córdoba Universidad Nacional de Villa María 2009
Schlagworte:
Tags: Tag hinzufügen
Keine Tags, Fügen Sie den ersten Tag hinzu!

MARC

LEADER 00000cam a2200000 a 4500
001 UCF1364
003 CL-VaPUC
005 20240405095007.0
008 120629e20090000ag 1 spa d
020 |a 9789871518371 
082 0 4 |a 780.7  |b DUT  |2 21 
100 1 |a Dutto, Susana  |e author  |9 621897 
700 1 |a Asís Ferri, Paula Andrea  |e author  |9 621898 
245 1 0 |a VIII reunión anual SACCOM 2009: la experiencia artística y la cognición musical 
260 |a Córdoba  |b Universidad Nacional de Villa María  |c 2009 
300 |a 137 p 
583 |a last modification  |c 20190910 10:43:41  |k Rodrigo Vera 
650 0 0 |a Educación musical   |9 310072 
650 0 0 |a Investigación musical  |9 460064 
942 |c BK 
945 |a dcastane  |d 20120629 00:00:00 
546 |a En Español 
536 |a Universidad Nacional de Villa María 
518 |p Reunión anual SACCOM 2009: la experiencia artística y la cognición musical, 8, Córdoba- Argentina, 2009 
999 |c 384684  |d 384682 
952 |0 0  |1 0  |4 0  |6 780_700000000000000_DUT_2009  |7 0  |8 X  |9 507554  |a FDOMLP  |b FDOMLP  |d 2020-01-23  |i 4811062  |o 780.7 DUT 2009  |p 4811062  |r 2020-01-23  |w 2020-01-23  |y BK_X  |k BU2